00427nam a2200157Ia 4500008004100000020001800041082001600059100002100075245004800096250000600144260003900150300001500189500002400204650001500228700002600243230524s9999 xx 000 0 und d a9789381332497 a621.38bJEN aDebashisha Jena  0aPower System Analysis Operation and Control a2 aNew DelhibI.K.Internationalc2013 a"XI,332p;" aQuantity Number: 1 aElectrical aB.Rajanarayan Prousty